Normal view
MARC view
- Medical innovations
Entry Topical Term
001 - CONTROL NUMBER
- control field: 5532
003 - CONTROL NUMBER IDENTIFIER
- control field: OSt
005 - DATE AND TIME OF LATEST TRANSACTION
- control field: 20170517124248.0
008 - FIXED-LENGTH DATA ELEMENTS
- fixed length control field: 170517|| aca||aabn | a|a d
040 ## - CATALOGING SOURCE
- Original cataloging agency: OSt
- Transcribing agency: OSt
150 ## - HEADING--TOPICAL TERM
- Topical term or geographic name entry element: Medical innovations
670 ## - SOURCE DATA FOUND
- Source citation: Work cat.: (OSt)0: Cauwels, Janice M. 5530, The body shop :, 1986

PORTAL AKMAL
E-MEL JKDM
AKMAL2U
G-BAM
u-PUSTAKA